| 000 | 00000nam##2200000za#4500 |
| 001 | 9.601324 |
| 003 | CaOODSP |
| 005 | 20210624210023 |
| 007 | cr ||||||||||| |
| 008 | 150406|2006||||xxc|||||o f|0| 0 fre|d |
| 022 | |a1919-5117 |
| 040 | |aCaOODSP|bfre |
| 043 | |an-cn--- |
| 086 | 1 |aFs70-6/2006-018F-PDF |
| 110 | 1 |aCanada. |bMinistère des pêches et des océans. |bRégion de Terre-Neuve et du Labrador. |
| 245 | 10|aÉtat de l'océan en 2005 : |h[ressource électronique]|bconditions océanographiques physiques dans la région de Terre-Neuve et du Labrador |
| 246 | 17|aRégion de Terre-Neuve et du Labrador : conditions océanographiques physiques |
| 260 | |aSt. John's - Terre-Neuve et Labrador : |bPêches et Océans Canada. |cJuillet 2006. |
| 300 | |a15p.|bcartes en couleur, figures (certaines en couleur), graphiques, références |
| 490 | 1 |aSecrétariat canadien de consultation scientifique, avis scientifique|x1919-5117|v2006/018, Région de Terre-Neuve et du Labrador |
| 590 | |a11-15-Supp|b2011-08-22 |
| 775 | 08|t2005 state of the ocean : |w(CaOODSP)9.570677 |
| 830 | #0|aAvis scientifique (Secrétariat canadien de consultation scientifique)|x1919-5117|v2006/018, Région de Terre-Neuve et du Labrador|w(CaOODSP)9.502624 |
| 856 | 40|ahttp://publications.gc.ca|qPDF|s2.73 Mo|uhttps://publications.gc.ca/collections/collection_2011/mpo-dfo/Fs70-6-2006-018-fra.pdf|y2006/018, Région de Terre-Neuve et du Labrador |